00000000nam 2200000zi 4500
0019.880460
003CaOODSP
00520250130161433
006m     o  d f      
007cr |||||||||||
008191009t20192019oncabo  o    f000 0 per d
020 |a9780660325026
040 |aCaOODSP|bfre|erda|cCaOODSP
043 |an-cn---
0861 |aCi44-19/2019Per1-PDF|zCi44-20/2019Per1-PDF
24500|a[Programme de parrainage privé de réfugiés] : |b[réinstallation des réfugiés au Canada].
250 |a[Édition farsi].
264 1|a[Ottawa] : |bImmigration, réfugiés et citoyenneté Canada = Immigration, Refugees and Citizenship Canada, |c[2019]
264 4|c©2019
300 |a1 ressource en ligne (12 pages) : |billustrations, cartes, photographies
336 |atexte|btxt|2rdacontent/fre
337 |ainformatique|bc|2rdamedia/fre
338 |aressource en ligne|bcr|2rdacarrier/fre
500 |aTitre de départ.
500 |aEn tête du titre : PSR.
500 |aTitre français fourni par l’éditeur.
500 |aPublié aussi en français sous le titre : Programme de parrainage privé de réfugiés : réinstallation des réfugiés au Canada.
500 |aLe numéro de catalogue (Ci44-20/2019Per1-PDF) imprimé dans cette publication est incorrect.
520 |a« [Renseignements importants - Vous souhaitez venir au Canada et votre demande a fait l’objet d’un examen initial par les fonctionnaires canadiens. Vous vous demandez probablement ce qui arrivera ensuite. Votre sélection en tant que réfugié admissible est une étape importante du processus de réinstallation. Par contre, il ne s’agit pas de la dernière étape. Voici quelques renseignements sur les prochaines étapes du processus et sur le Canada] » -- Page [1].
546 |aTexte en farsi.
650 6|aRéfugiés|xServices|zCanada.
650 6|aÉmigration assistée|zCanada.
7101 |aCanada. |bImmigration, réfugiés et citoyenneté Canada, |eorganisme de publication.
77508|tProgramme de parrainage privé de réfugiés : |w(CaOODSP)9.880345
791 |t[Privately Sponsored Refugee Program] : |eeng|w(CaOODSP)9.880366
795 |t[Réfugiés parrainés par le secteur privé, réinstallation des réfugiés au Canada |b2014|w(CaOODSP)9.822618
85640|qPDF|s1.25 Mo|uhttps://publications.gc.ca/collections/collection_2020/ircc/Ci44-19-2019-per1.pdf
986 |a2627-11-2019